000 01237cam a2200289 i 4500
003 SA-RiAUC
005 20250129061742.0
008 250120s2008____su g b f000r0 ara c
020 _a9960446956
040 _aSA-JeALM
_bara
_cSA-RiAUC
_erda
082 0 4 _a214.168
_qSA-RiAUC
090 _a214.168
_bم غ ا
100 1 _aالمغامسي، خالد بن محمد بن وصل
_eمؤلف.
245 1 2 _aالحوار :
_bآدابه وتطبيقاته في التربية الإسلامية /
_cخالد محمد المغامسي.
250 _aالطبعة الثانية.
264 1 _aالرياض :
_bمركز الملك عبد العزيز للحوار الوطني، إدارة الدراسات والبحوث والنشر،
_c2005
300 _a358 صفحة ؛
_c24 × 17 سم
336 _aنص
_btxt
_2rdacontent
_3كتاب
337 _aبدون وسيط
_bn
_2rdamedia
338 _aمجلد
_bnc
_2rdacarrier
504 _aببليوجرافية : صفحة 325-358.
504 _aيشتمل على إرجاعات ببليوجرافية.
650 7 _aالحوار في الإسلام
_2aucsh
650 7 _aالتربية الإسلامية
_2aucsh
942 _2ddc
_cBOOK
_n0
949 _aSA-JeALM
_d250120
_umohamedma123
_n1
999 _c5366
_d5366